MDQL
is popping MORE tags! Check the
thread
!
Quizzes
Events
Quiz Creation
Community
Videos
Private Events
Remove Ads
Sign In
Join for FREE
Feedback
Dark Mode
Quiz Categories
Sports
Geography
Music
Movies
Television
Just For Fun
Miscellaneous
History
Literature
Language
Science
Gaming
Entertainment
Religion
Holiday
For Kids
Quiz Lab
Recent
Popular Today
Quiz Kudos Today
Editor Picks
Curator Picks
Quizzes by...
Day
Popularity
Type
Ratings
Length
Year
Community
Subscriptions
Recent Discussions
Orange Saloon
Badges
Playlists
Quests
Create
Leaderboards
Showdown
Live 5
Trivia Bingo
Activity
Puzzle Library
Sporcle Events
Private Events
Virtual Trivia
Globe League
Become a Host
Pub Owners
SporcleCon
Opinionation
Our Games
Videos
Blog
Mobile Apps
Partnerships
Remove Ads and Go Orange
Feedback
Gaming
Video Games
Board Games
Card Games
Pokémon
Mario
Nintendo
Minecraft
Console
Toys
Legend of Zelda
Gaming
Video Games
Board Games
Card Games
Pokémon
Mario
Nintendo
Minecraft
Console
Toys
Legend of Zelda
Random Quiz
Search Sporcle
×
Quiz Lab
Quiz Lab
Gaming
Elder Scrolls
Type answers based on single images at one time
Type answers based on single images at one time
Slideshow
Best Score? Go Orange.
Skyrim by Picture Stats
Can you name the location from The Elder Scrolls V: Skyrim by its picture?
By
xylophesezes
5m
25 Questions
676 Plays
676 Plays
676 Plays
Comments
Comments
Give Quiz Kudos
Give Quiz Kudos
-
- Ratings
hide this ad
Replay
Link that replays current quiz
Next Quiz
Link to next quiz in quiz playlist
You Got
0%
They Got
Avg Score
58%
Avg Friend Score
Upgrade to see
Score Distribution
Jump to the score distribution portion of the page
Score
0/25
Timer
05:00
0
Plays Today
% Correct
Windhelm
95.3%
Dawnstar
79.3%
Throat of the World
77.1%
Thieves Guild
73.2%
Thalmor Embassy
70.3%
Solitude
68.3%
Helgen
67.9%
Winterhold
66.3%
Riften
65.2%
College of Winterhold
63.3%
Morthal
61.7%
Dragonsreach
61.7%
Sovngarde
60.7%
% Correct
Whiterun
60.1%
Blackreach
58.4%
Labyrinthian
57.1%
Dark Brotherhood Sanctuary
55.9%
Dragon Bridge
48.4%
Falkreath
48.4%
Riverwood
46.7%
High Hrothgar
46.4%
Sky Haven Temple
45.1%
Ivarstead
41.1%
Jorrvaskr
39.8%
Mzinchaleft
8.9%
Quiz Playlist
Details
Report
Send in Message
Add To Playlist
Slideshow:
Type answers based on single images at one time
Last Updated: Mar 11, 2023
Quiz Scoreboard
CHALLENGE
Sign Up to Join the Scoreboard
Show All
Scores
Hide
Comments
May contain spoilers
Recently Published
Colored Red Africa Blitz
by spor1
Geography
30s
Find the 'City' Movie
by crazypaving
Movies
60s
5x2 Blitz: Bands
by SL_Kpop136
Music
30s
More to Explore
Quiz From the Vault
Featured Blog Post
14 Easter Pick-up Lines to Find Eggs With
hide this ad
You Might Also Like...
Tags
Elder Scrolls
Skyrim
Today's Top Quizzes in Gaming
Browse Gaming
hide this ad
Today's Top Quizzes in Elder Scrolls
Browse Elder Scrolls
Top Contributed Quizzes in Gaming
1
League of Legends Pro Players by Career/Team History
2
Genshin murder mystery
3
Destiny 2 exotic weapons by perk icons
4
Dead By Daylight Logic Puzzle
5
Genshin Impact Logic Puzzle
6
Valorant Agent Developer Names (Up to Clove)
7
Overwatch 2: Ultimate Ability Icons
8
Who's on the WWE 2K24 Cover?
9
Genshin Impact Logic Puzzle Quiz II
10
4x4 Decades: Video Games
Explore More
Trending Topics
Harry Potter
NBA
Marvel
Disney
Crossword
Anime
Kpop
Song
Soccer
Country
Puzzle
WWE
The Office
Pokémon
NFL
hide this ad
More By:
xylophesezes
Quiz
Plays
Rating
Category
Featured
Created
Winnie the Pooh Match-Up
495
1.36
Literature
Mar 8, 2016
Follow-that-Line: Moonstruck
234
4.67
Movies
Mar 13, 2016
Obscure Geography
190
3.33
Geography
Jan 24, 2016
Nine Nineties Bands
168
5.00
Music
Jan 24, 2016
Go to Creator's Profile
Score Distribution
Quiz Creator Spotlight
xylophesezes
Follow
Send a Message
Quizzes Created
-
Created Quiz Play Count
-
More By This Creator
Popular Quizzes Today
1
Colored Red Africa Blitz
2
Find the 'City' Movie
3
5x2 Blitz: Bands
4
Find the US States - No Outlines Minefield
5
The Countries of the World
6
Find the US States
7
US States
8
Find the Countries of Europe - No Outlines Minefield
More Gaming Quizzes
Letters Minefield: Cluedo
Published
Trending Quizzes
Colored Red Europe Blitz I
Colored Red Europe Blitz II
Colored Red Africa Blitz II
Colored Red Europe Blitz III
Colored Red Africa Blitz III
Recently Updated
How Do You Spell That?
pecheneg
Godzilla Movies
pecheneg
Grab Bag: 4-10 Letters
pecheneg
2024 March Madness Bracket
pecheneg
Famous TV Couples
Peacemaker
Champions League XIs: Real Madrid
pecheneg
Largest US Cities 1790-2010
pecheneg
Rides in Walt Disney World
pecheneg
Most Oscar Losses (Acting)
pecheneg
Beyoncé Albums
pecheneg
Trending Topics
Kpop
Marvel
Anime
Disney
Crossword
Harry Potter
NBA
NFL
Pokémon
Country
The Office
Soccer
Song
Puzzle
WWE
Your Account Isn't Verified!
In order to create a playlist on Sporcle, you need to verify the email address you used during registration. Go to your
Sporcle Settings
to finish the process.
Report this User
Report this user for behavior that violates our
Community Guidelines
.
Details:
Send Report
Go to the Sporcle.com Mobile Site →
Comments